000 00454nam a2200181Ia 4500
001 8027
005 20260306160538.0
008 260306t1998||||xx |||||||||||||| ||spa||
041 _aESP
082 _a370.1
_bC23T
100 _aCalero Pérez, Mavilo
_eAUT
245 0 _aTeorías y aplicaciones básicas de constructivismo pedagógico
260 _c1998
300 _a201 páginas :
_c
650 _aGEN
654 _aCED
942 _cLIB
_dJUS
_fJUS
_2ddc
_n
999 _c8027
_d8027